Loading...
Other Academic | 1 | 2 | 0 | 0 | 35 | 33 | 80.33 | 1 | 1 |
Fine Arts - Other Fine Arts | 0 | 3 | 1 | 0 | 25 | 108 | 127.33 | 0 | 0 |
Beliefs | 0 | 2 | 0 | 1 | 20 | 114 | 132.00 | 0 | 2 |
Fine Arts - Classical Music and Opera | 0 | 2 | 0 | 2 | 20 | 156 | 163.00 | 0 | 1 |
History - Other History | 0 | 2 | 0 | 1 | 20 | 125 | 136.00 | 0 | 0 |
Literature - European Literature | 0 | 2 | 0 | 1 | 20 | 125 | 143.50 | 0 | 1 |
Modern World | 0 | 2 | 0 | 1 | 20 | 74 | 108.50 | 0 | 2 |
Social Science | 0 | 1 | 0 | 0 | 10 | 149 | 149.00 | 0 | 0 |
Geography | 0 | 1 | 0 | 0 | 10 | 114 | 114.00 | 0 | 0 |
History - European History | 0 | 1 | 0 | 1 | 10 | 150 | 150.00 | 0 | 0 |
Literature - British Literature | 0 | 1 | 0 | 1 | 10 | 167 | 167.00 | 0 | 0 |
Literature - World Literature | 0 | 1 | 0 | 0 | 10 | 132 | 132.00 | 0 | 0 |
Science - Other Science | 0 | 1 | 0 | 1 | 10 | 146 | 146.00 | 0 | 1 |
Science - Biology | 0 | 1 | 1 | 0 | 5 | 88 | 88.00 | 1 | 1 |
History - US History | 0 | 0 | 0 | 0 | 0 | 0.00 | 0 | 0 | |
Literature - American Literature | 0 | 0 | 0 | 0 | 0 | 0.00 | 0 | 0 | |
Philosophy | 0 | 0 | 1 | 0 | -5 | 0.00 | 0 | 0 | |
Fine Arts - Visual Fine Arts | 0 | 2 | 5 | 1 | -5 | 104 | 123.50 | 0 | 2 |